Loading...
മലയാള സൈബർ സാഹിതം /
Cyber literature in Malayalam, a study.
| Main Author: | |
|---|---|
| Format: | Printed Book |
| Language: | Malayalam |
| Published: |
തൃശ്ശൂർ :
ഗ്രീൻ ബുക്സ് ,
2018
|
| Subjects: |
| LEADER | 00930cam a22002295i 4500 | ||
|---|---|---|---|
| 008 | 191104e201808 ii 000 0 malo | ||
| 010 | |a 2019336839 | ||
| 020 | |a 9789387357280 | ||
| 025 | |a I-Mal-2019336839; 13 | ||
| 042 | |a lcode | ||
| 100 | |9 1582342 |a മനോജ് ജെ പാലക്കുടി | ||
| 245 | 0 | 0 | |a മലയാള സൈബർ സാഹിതം / |c മനോജ് ജെ പാലക്കുടി |
| 246 | |a Malayaḷa saibar sahityam | ||
| 260 | |a തൃശ്ശൂർ : |b ഗ്രീൻ ബുക്സ് , |c 2018 | ||
| 300 | |a 360 pages | ||
| 520 | |a Cyber literature in Malayalam, a study. | ||
| 650 | 7 | |2 fast |9 951006 |a Cybernetics in literature | |
| 906 | |a 7 |b par |c origode |d 3 |e ncip |f 20 |g y-gencatlg | ||
| 942 | |2 ddc |c BK | ||
| 955 | |b wd37 2019-10-31 to selcom | ||
| 999 | |c 351121 |d 351121 | ||
| 952 | |0 0 |1 0 |4 0 |7 0 |9 405607 |a UL |b UL |c PROC |d 2020-06-25 |g 285.60 |l 0 |p 102671 |r 2020-06-25 |v 420.00 |w 2020-06-25 |y BK | ||